000
00255nam a2200097Ia 4500
008
171211s9999 xx 000 0 und d
245
_a
Mauser Military Rifles of the World, 5th Edition
245
_c
Robert W. D. Ball
260
_c
2011
650
_x
Military
999
_c
348300
_d
348300